Sports Quiz

Random Sports or World Quiz
Score 0/24 Timer 04:00
2 Plays Today
Group Team % Correct
Group DUnited States
98.2%
Group BGermany
92.1%
Group CJapan
90.7%
Group EBrazil
89.6%
Group FFrance
88.9%
Group ACanada
88.2%
Group FEngland
85.6%
Group AChina PR
85.6%
Group FMexico
83%
Group ESpain
82.1%
Group DSweden
81.7%
Group DAustralia
80.2%
Group Team % Correct
Group EKorea Republic
72.7%
Group BNorway
71.9%
Group ANetherlands
65.2%
Group DNigeria
62.3%
Group FColombia
61.7%
Group ANew Zealand
61.3%
Group CSwitzerland
54.3%
Group CCameroon
44.7%
Group BCôte d'Ivoire
43.6%
Group ECosta Rica
37.6%
Group CEcuador
36.6%
Group BThailand
33.2%
Remove Ads.
Support Sporcle.
Get the best of Sporcle when you Go Orange. This ad-free experience offers more features, more stats, and more fun while also helping to support Sporcle. Thank you for becoming a member.

You're not logged in!

Compare scores with friends on all Sporcle quizzes.
OR
Log In

Sporcle TV

Today on Sporcle TV


Watch our educational content, quiz creation guides, and fun videos on Sporcle TV.

Show Comments

Extras

Top Quizzes Today


Score Distribution

Paid Content

Your Account Isn't Verified!

In order to create a playlist on Sporcle, you need to verify the email address you used during registration. Go to your Sporcle Settings to finish the process.

Report this User

Report this user for behavior that violates our Community Guidelines.

Details: